Statistics for Top Apple Consuming Countries Per-Capita

Click here to take the quiz!

General Stats

  • This quiz has been taken 217 times
  • The average score is 10 of 20

Answer Stats

#kg.Answer% Correct
1717.61United States
99%
1618.16Canada
93%
1320.07China
86%
527.65Turkey
62%
2016.97Argentina
54%
725.95Netherlands
52%
1021.81Austria
50%
1418.8Iran
49%
1817.46Kazakhstan
46%
1220.53Romania
46%
1917.21Estonia
43%
824.15Uzbekistan
42%
923.72Belarus
41%
428.5Portugal
39%
627.31Armenia
38%
137.32Slovenia
38%
1518.44Kyrgyzstan
37%
233.7Albania
31%
1121.11Bosnia and Herzegovina
31%
330.43North Korea
13%

Score Distribution

Percentile by Number Answered

Percent of People with Each Score

Your Score History

You have not taken this quiz